Biología i : polimodal /
Guardado en:
| Autor Principal: | |
|---|---|
| Formato: | Libro |
| Publicado: |
Buenos Aires :
El Ateneo,
1997
|
| Materias: | |
| Etiquetas: |
Agregar Etiqueta
Sin Etiquetas, Sea el primero en etiquetar este registro!
|
| LEADER | 00746nam a22002055a 4500 | ||
|---|---|---|---|
| 001 | CEM.cems009661 | ||
| 005 | 20080723112637.0 | ||
| 008 | 130507s1997##################000#0#####d | ||
| 003 | CEMS | ||
| 020 | |a 9500274000 | ||
| 082 | 0 | 4 | |a 574 |
| 100 | 1 | |a Ferré, Hugo | |
| 245 | 1 | 0 | |a Biología i : |b polimodal / |c Hugo Ferré |
| 260 | |a Buenos Aires : |b El Ateneo, |c 1997 | ||
| 300 | |a 132 p. | ||
| 500 | |a Para nivel polimodal | ||
| 505 | 0 | |a El organismo humano y la salud -- Metabolismo y alimentación -- Nutrición y trastornos alimenticios -- La vida, origen y evolución -- Origen de la vida y evolución -- Herencia y genética | |
| 653 | |a Biología | ||
| 653 | |a Biología-polimodal | ||
| 859 | |a CEMS |b BIB. CEMS - 11 de abril |h 574 |i F413 |p 19882.98 |t Ej.1 |v 1º |3 1º | ||
